000 00766nam a2200205Ia 4500
003 GCL
008 140319s9999 xx 000 0 ara d
040 _aGCL /
_cGCL
082 0 4 _a212
_bا ا
100 1 _aابن تيمية : تقى الدين ابوالعباس احمد بن عبدالحليم
245 1 0 _aالامر بالمعروف والنهى عن المنكر /
_cابن تيمية : تقى الدين ابوالعباس احمد بن عبدالحليم
260 _a[S.N] :
_bالمكتبة القيمة للطباعة والنشر والتوزيع
300 _a76 ص
490 _a
650 0 4 _aالاسلام
650 0 4 _aالاخلاق الاسلامية
650 0 4 _aالاخلاق
650 0 4 _aالخير والشر
942 _2ddc
_cBK
999 _c54718
_d54718